Bezpečné programovanie v jazyku python

Salvato in:
Dettagli Bibliografici
Autore principale: Vidlička, Martin (Autore)
Altri autori: Balogh, Štefan (Relatore della tesi)
Natura: Manoscritto Libro
Lingua:slovacco
Pubblicazione: Bratislava : STU v Bratislave FEI, 2024
Soggetti:
Accesso online:https://opac.crzp.sk/?fn=detailBiblioFormChildGQ5P5&sid=DDCD2C6FBCAD481F294EC0B200E4&seo=CRZP-detail-kniha
Tags: Aggiungi Tag
Nessun Tag, puoi essere il primo ad aggiungerne!!

MARC

LEADER 00000ntm a22000003a 4500
001 stuzp96911
003 SK-STU
005 20250410120337.3
007 ta
008 150427s2015----xo-----f-mn---000-0-slo-d
040 |a STU  |b slo 
041 0 |a slo 
044 |a xo 
100 1 |a Vidlička, Martin  |u 035000  |4 aut  |U FEI Fakulta elektrotechniky a informatiky  |T FEI Ústav informatiky a matematiky  |X 115112  |U E050  |Y 816  |7 115112 
242 0 1 |a Secure programming in python  |y eng 
245 1 0 |a Bezpečné programovanie v jazyku python 
260 |a Bratislava :  |b STU v Bratislave FEI,  |c 2024 
300 |a 62 s. 
650 4 |a zraniteľnosť  |2 slo 
650 4 |a bezpečnosť  |2 slo 
650 4 |a útok  |2 slo 
650 4 |a Python  |2 slo 
650 4 |a Python  |2 eng 
650 4 |a vulnerability  |2 eng 
650 4 |a safety  |2 eng 
650 4 |a attack  |2 eng 
700 1 |a Balogh, Štefan  |u 035000  |k Z1  |4 ths  |U FEI Fakulta elektrotechniky a informatiky  |T FEI Ústav informatiky a matematiky  |X 30190  |U E050  |Y 816  |7 A000030190 
856 4 |u https://opac.crzp.sk/?fn=detailBiblioFormChildGQ5P5&sid=DDCD2C6FBCAD481F294EC0B200E4&seo=CRZP-detail-kniha